1199 1864 1366 1249 1345 1224 1966 1016 1898 1918 1612 1011 1982 1063 1016 1448 1066 1534 1982 1927 1534 1730 1896 1074 1192 1262 1389 1609 1355 1489 1292 1587 1249 1791 1906 1557 1869 1939 1033 1556 1005 1028 1093 1765 1309 1820 1190 1961 1528 1670 1469 1873 1514 1101 1825 1773 1477 1225 1439 1018 1243 1350 1245 1874 1062 1206 1770 1870 1891 1832 1629 1546 1405 1676 1761 1592 1533 1438 1253 1551 1855 1847 1836 1909 1687 1441 1343 1422 1759 1593 1793 1523 1127 1104 1272 1696 1412 1751 1257 BCNSPRNW ULIB Ver.6.0+V

เปลี่ยนเป็นภาษาไทย

Change to English
 แสดงรายละเอียดบรรณานุกรม
  กลับหน้าหลัก

Brief Record : Get Marc (ISO 2709) : E-mail record : QR code < ปิดหน้าต่าง
LEADER : 00000nam 2200000uu 4500
001    13399108868
003     ULIB
008    110315s2553||||th 000 0 tha d
020    9789744019165
060 04 WS141^bด764ค
245 00 คู่มือการสัมภาษณ์และตรวจร่างกายเด็ก =^bManual of pediatricinterview and physical examination /^cบรรณาธิการ, ดุสิต สถาวร ... [และคนอื่นๆ]
246 31 Manual of pediatric interview and physical examination
250    พิมพ์ครั้งที่ 1
260    [กรุงเทพฯ] :^bภาควิชากุมารเวชศาสตร์วิทยาลัยแพทยศาสตร์พระมงกุฎเกล้าและกองกุมารเวชกรรม โรงพยาบาลพระมงกุฎเกล้า,^c2553
300    xxviii, 748 หน้า :^bภาพประกอบ ;^c21 ซม.
650  7 การซักประวัติผู้ป่วย^xในวัยทารกและวัยเด็ก
650  7 การตรวจร่างกาย^xในวัยทารกและวัยเด็ก
700 0  ดุสิต สถาวร,^eบรรณาธิการ
710 2  วิทยาลัยแพทยศาสตร์พระมงกุฎเกล้า. ^bภาควิชากุมารเวชศาสตร์
710 2  โรงพยาบาลพระมงกุฎเกล้า. ^bกองกุมารเวชกรรม
945    ^p480^l0^i027828
945    ^p480^l0^i027827
945    ^p480^l0^i027825
945    ^p480^l0^i027824
945    ^p480^l0^i027826
945    ^p480^l0^i027823
945    ^p480^l0^i031008
945    ^p480^l0^i031009
995    ทศพร
999 ^a ใช้งานได้ทุกระบบ
รายการนี้ยังไม่มีแท็ก
คุณยังไม่ได้ล็อกอิน คุณสามารถมีกิจกรรมร่วมกับเว็บไซต์ได้ แต่ต้องล็อกอินก่อน ::
  ล็อกอิน

รายการสื่อสารสนเทศ

ลำดับที่ ประเภท เลขเรียก/บาร์โค้ด สถานที่ สถานะ
1. วิทยาศาสตร์การแพทย์ และสุขภาพ
หนังสือสำรอง
สถานะ=หนังสือสำรอง
WS141 ด764ค ฉ.1 
  Barcode: 027823
ห้องสมุดวิทยาเขตสวรรค์ประชารักษ์
►ส่วนจัดเก็บหนังสือเก่า สปร
บนชั้น
  ขอยืม
2. วิทยาศาสตร์การแพทย์ และสุขภาพ
วิทยาศาสตร์การแพทย์ และสุขภาพ
WS141 ด764ค ฉ.2 
  Barcode: 027824
ห้องสมุดวิทยาเขตสวรรค์ประชารักษ์
►ส่วนจัดเก็บหนังสือเก่า สปร
บนชั้น
  ขอยืม
3. วิทยาศาสตร์การแพทย์ และสุขภาพ
วิทยาศาสตร์การแพทย์ และสุขภาพ
WS141 ด764ค ฉ.3 
  Barcode: 027825
ห้องสมุดวิทยาเขตสวรรค์ประชารักษ์
►ส่วนจัดเก็บหนังสือเก่า สปร
บนชั้น
  ขอยืม
4. วิทยาศาสตร์การแพทย์ และสุขภาพ
วิทยาศาสตร์การแพทย์ และสุขภาพ
WS141 ด764ค ฉ.4 
  Barcode: 027826
ห้องสมุดวิทยาเขตสวรรค์ประชารักษ์
►ส่วนจัดเก็บหนังสือเก่า สปร
บนชั้น
  ขอยืม
5. วิทยาศาสตร์การแพทย์ และสุขภาพ
วิทยาศาสตร์การแพทย์ และสุขภาพ
WS141 ด764ค ฉ.5 
  Barcode: 027827
ห้องสมุดวิทยาเขตสวรรค์ประชารักษ์
►ส่วนจัดเก็บหนังสือเก่า สปร
บนชั้น
  ขอยืม
6. วิทยาศาสตร์การแพทย์ และสุขภาพ
วิทยาศาสตร์การแพทย์ และสุขภาพ
WS141 ด764ค ฉ.6 
  Barcode: 027828
ห้องสมุดวิทยาเขตสวรรค์ประชารักษ์
►ส่วนจัดเก็บหนังสือเก่า สปร
บนชั้น
  ขอยืม
7. วิทยาศาสตร์การแพทย์ และสุขภาพ
วิทยาศาสตร์การแพทย์ และสุขภาพ
WS141 ด764ค ฉ.7 
  Barcode: 031008
ห้องสมุดวิทยาเขตสวรรค์ประชารักษ์
►ส่วนจัดเก็บหนังสือเก่า สปร
บนชั้น
  ขอยืม
8. วิทยาศาสตร์การแพทย์ และสุขภาพ
วิทยาศาสตร์การแพทย์ และสุขภาพ
WS141 ด764ค ฉ.8 
  Barcode: 031009
ห้องสมุดวิทยาเขตสวรรค์ประชารักษ์
►ส่วนจัดเก็บหนังสือเก่า สปร
บนชั้น
  ขอยืม

BibComment


ยังไม่เคยถูกคอมเมนท์

คอมเมนท์ทรัพยากรรายการนี้
  คอมเมนท์: คู่มือการสัมภาษณ์..


 Copyright 2026. Bcnsprnw @Library